[Event "Challenge"]
[Site "http://www.queenalice.com/game.php?id=331322"]
[Date "2008.1.5"]
[Round "-"]
[White "GrazianiBR"]
[Black "Panzar"]
[Result "0-1"]
[WhiteElo "2047"]
[BlackElo "1881"]

1. c4 c5 2. Nc3 Nc6 3. e3 Nf6 4. f3 d6 5. b3 g6 6. d4 cxd4 7. exd4 d5 8. Bf4 a6
9. c5 Bg7 10. Be3 O-O 11. Bd3 Nb4 12. a3 Nxd3+ 13. Qxd3 Bd7 14. g4 Re8 15. Bf4
b6 16. Na4 Bxa4 17. bxa4 bxc5 18. Ne2 cxd4 19. Be5 Qa5+ 20. Kf1 Qxa4 21. Bxd4 e6
22. Bf2 Nxg4 23. fxg4 Bxa1 24. Kg2 Qxg4+ 25. Ng3 Bg7 26. h3 Qc4 27. Qd1 Rab8 28.
Rg1 Rb2 29. Nh1 Reb8 30. Qf3 R8b3 31. Qg4 Qxg4+ 32. hxg4 Rxa3 33. Rc1 Rc3 34.
Rxc3 Bxc3 35. Kf3 Be5 36. Ke3 Rb1 37. Ng3 Rb3+ 38. Kd2 Bxg3 39. Bd4 a5 40. g5 a4
41. Kc2 Bh4 42. Bf6 h6 43. Kd2 Bxg5+ 44. Bxg5 hxg5 45. Kc2 Rb8 0-1

[Event "Challenge"]
[Site "http://www.queenalice.com/game.php?id=331323"]
[Date "2008.1.5"]
[Round "-"]
[White "GrazianiBR"]
[Black "nrgjr2000"]
[Result "0-1"]
[WhiteElo "2022"]
[BlackElo "1862"]

1. c4 Nf6 2. Nc3 g6 3. e3 Bg7 4. d4 O-O 5. c5 d6 6. b4 a5 7. bxa5 Rxa5 8. Na4
Bd7 9. Nb2 dxc5 10. dxc5 Rxc5 11. Bd3 Nc6 12. f3 e5 13. Na4 Ra5 14. Bd2 Ra8 15.
Bc2 b6 16. Nc3 Nb4 17. Ne4 Nxc2+ 18. Qxc2 Nxe4 19. Qxe4 Bf5 20. Qc6 Qd3 21. Qc3
Qd7 22. e4 Be6 23. Rd1 Rfd8 24. a3 Bf8 25. Qxe5 Rxa3 26. Ne2 Rd3 27. Qf4 Bb4 28.
O-O Rxd2 29. Rxd2 Qxd2 30. Qxc7 Rc8 0-1

[Event "Challenge"]
[Site "http://www.queenalice.com/game.php?id=435409"]
[Date "2008.7.18"]
[Round "-"]
[White "GrazianiBR"]
[Black "iggis"]
[Result "0-1"]
[WhiteElo "2071"]
[BlackElo "2025"]

1. c4 Nf6 2. d4 g6 3. e3 Bg7 4. Nf3 O-O 5. Nc3 d6 6. b4 c5 7. b5 Nbd7 8. d5 Nxd5
9. cxd5 Bxc3+ 10. Bd2 Bxa1 11. Qxa1 Nf6 12. Bc4 a6 13. h3 axb5 14. Bxb5 Nxd5 15.
O-O Nc7 16. Be2 b5 17. Qb1 Be6 18. Qb2 Rxa2 19. Qb1 b4 20. Ng5 Rxd2 21. Nxe6
Nxe6 22. Bd3 d5 23. Rd1 Rxd1+ 24. Qxd1 c4 25. Bb1 b3 26. h4 d4 27. h5 dxe3 28.
Qe2 Qd2 29. Qxe3 Qxe3 30. fxe3 c3 31. Kf2 c2 0-1

[Event "Challenge"]
[Site "http://www.queenalice.com/game.php?id=435412"]
[Date "2008.7.18"]
[Round "-"]
[White "GrazianiBR"]
[Black "Piero"]
[Result "0-1"]
[WhiteElo "2124"]
[BlackElo "1998"]

1. Nf3 Nf6 2. d4 c5 3. c4 e6 4. Bf4 cxd4 5. Qxd4 Nc6 6. Qd3 e5 7. Qe3 Ng4 8. Qe4
f5 9. Qxf5 d5 10. Qd3 exf4 11. cxd5 Nb4 12. Qe4+ Be7 13. Na3 O-O 14. Nd4 Qxd5
15. Qxd5+ Nxd5 16. e3 fxe3 17. f3 Bb4+ 18. Ke2 Nf4+ 19. Kd1 Nf2+ 20. Kc2 Bc5 21.
Bc4+ Kh8 22. Kc3 Nxh1 23. Rxh1 Nxg2 24. Nac2 Bh3 25. b4 Bxd4+ 26. Nxd4 Rac8 27.
Rb1 e2 28. Nxe2 b5 29. a4 Rxc4+ 30. Kb3 Rxf3+ 31. Ka2 Rf2 32. Rb2 Re4 33. Ng3
Rxb2+ 34. Kxb2 Rxb4+ 35. Kc3 Rxa4 36. Ne2 Rc4+ 37. Kb3 Be6 38. Kb2 Ne3 39. h4
Rc2+ 40. Ka3 a5 41. Nd4 Ra2# 0-1

[Event "Challenge"]
[Site "http://www.queenalice.com/game.php?id=435415"]
[Date "2008.7.18"]
[Round "-"]
[White "GrazianiBR"]
[Black "kalindii"]
[Result "1-0"]
[WhiteElo "2117"]
[BlackElo "1945"]

1. c4 e5 2. d3 f5 3. e3 Nc6 4. a3 a5 5. g3 Nf6 6. h3 b6 7. Nc3 Bb7 8. Bg2 Be7 9.
Nge2 Ra7 10. f3 d5 11. b3 1-0

[Event "Challenge"]
[Site "http://www.queenalice.com/game.php?id=435417"]
[Date "2008.7.18"]
[Round "-"]
[White "GrazianiBR"]
[Black "ajitroyal"]
[Result "1-0"]
[WhiteElo "2091"]
[BlackElo "1938"]

1. c4 c5 2. d4 cxd4 3. Qxd4 Nc6 4. Qc3 e6 5. a3 Nf6 6. Nd2 d5 7. e3 d4 8. exd4
Nxd4 9. Ngf3 Nxf3+ 10. Nxf3 Bc5 11. Be3 Bxe3 12. Qxe3 O-O 13. h3 Qa5+ 14. b4 1-0

[Event "Challenge"]
[Site "http://www.queenalice.com/game.php?id=435424"]
[Date "2008.7.18"]
[Round "-"]
[White "GrazianiBR"]
[Black "PhilBFrance"]
[Result "1-0"]
[WhiteElo "2080"]
[BlackElo "1955"]

1. Nf3 d5 2. d4 Nc6 3. e3 Bg4 4. h3 Bxf3 5. Qxf3 Nf6 6. Bb5 Qd7 7. Nc3 a6 8. Ba4
e6 9. a3 Bd6 10. Qe2 b5 11. Bb3 O-O 12. Bd2 Rfd8 13. O-O-O Na5 14. Ba2 b4 15.
Nb1 Rdb8 16. axb4 Bxb4 17. Bxb4 Rxb4 18. c3 Rb6 19. b4 Nb7 20. f3 a5 21. Nd2
axb4 22. Nb3 bxc3 23. Rd3 Ra3 24. Rxc3 Qa4 25. Qb2 Rxa2 26. Rxc7 Rxb2 27. Rc8+
Ne8 28. Rxe8+ Qxe8 29. Kxb2 Qa4 30. Rc1 1-0

[Event "Challenge"]
[Site "http://www.queenalice.com/game.php?id=435425"]
[Date "2008.7.18"]
[Round "-"]
[White "GrazianiBR"]
[Black "Isambard"]
[Result "1-0"]
[WhiteElo "2102"]
[BlackElo "1862"]

1. c4 e5 2. d3 h6 3. a3 Nc6 4. Nc3 a6 5. f4 exf4 6. Bxf4 Bc5 7. e3 d6 8. d4 Ba7
9. b4 Nf6 10. h3 Bf5 11. g4 Bh7 12. Bg2 Qd7 13. b5 axb5 14. cxb5 Na5 15. Qa4 Bb6
16. Bxb7 Be4 17. Nxe4 1-0

[Event "Challenge"]
[Site "http://www.queenalice.com/game.php?id=435430"]
[Date "2008.7.18"]
[Round "-"]
[White "GrazianiBR"]
[Black "tyujohn"]
[Result "1-0"]
[WhiteElo "2107"]
[BlackElo "1674"]

1. c4 Nf6 2. d4 g6 3. e4 Nxe4 4. Bd3 Nf6 5. Nc3 Bg7 6. Nf3 O-O 7. Be3 d6 8. Qb3
Nc6 9. d5 Na5 10. Qc2 b6 11. h3 1-0

[Event "Challenge"]
[Site "http://www.queenalice.com/game.php?id=435435"]
[Date "2008.7.18"]
[Round "-"]
[White "GrazianiBR"]
[Black "Doppelgangland"]
[Result "0-1"]
[WhiteElo "2124"]
[BlackElo "1707"]

1. Nf3 d5 2. d4 e6 3. a3 Nf6 4. Nc3 Be7 5. h3 Nbd7 6. Bf4 a6 7. e3 O-O 8. Bd3 g6
9. Bh6 Re8 10. Ne2 Bf8 11. Bg5 Be7 12. Ng3 c5 13. O-O c4 14. Be2 b5 15. c3 Rf8
16. Bh6 Re8 17. Nh2 Bf8 18. Bg5 Be7 19. f4 Ne4 20. Nxe4 dxe4 21. Bxe7 Qxe7 22.
Ng4 f5 23. Ne5 Nxe5 24. fxe5 Bb7 25. h4 Qxh4 26. Rf4 Qg3 27. Qd2 g5 28. Rf2 f4
29. Bh5 fxe3 30. Bf7+ Kg7 31. Bxe8 exd2 32. Rf7+ Kg8 33. Raf1 Rxe8 34. Rxb7 Rf8
35. d5 Rxf1+ 36. Kxf1 Qe1# 0-1

[Event "Challenge"]
[Site "http://www.queenalice.com/game.php?id=435436"]
[Date "2008.7.18"]
[Round "-"]
[White "GrazianiBR"]
[Black "danihel"]
[Result "1-0"]
[WhiteElo "2101"]
[BlackElo "1667"]

1. c4 c5 2. Nc3 Nf6 3. f3 h6 4. e4 e5 5. Nd5 Nc6 6. a3 d6 7. Bd3 Nh5 8. g3 Nd4
9. b4 Be6 10. Bb2 Bxd5 11. cxd5 a6 12. bxc5 dxc5 13. f4 g6 14. fxe5 Rg8 15. Bxd4
cxd4 16. Qa4+ b5 17. Qxd4 Bg7 18. Nf3 Qe7 19. Qc3 Bf8 20. Qc6+ Qd7 21. Qxa8+ Qd8
22. Qxa6 f5 23. Bxb5+ Kf7 24. Bc4 Ng7 25. d6+ Ne6 26. Qb7+ Be7 27. Nd4 Qb8 28.
Qxe7# 1-0

[Event "Challenge"]
[Site "http://www.queenalice.com/game.php?id=435438"]
[Date "2008.7.18"]
[Round "-"]
[White "GrazianiBR"]
[Black "pepe41"]
[Result "1-0"]
[WhiteElo "2077"]
[BlackElo "1752"]

1. Nf3 d5 2. d4 Nc6 3. e3 Nf6 4. h3 e6 5. a3 Bd7 6. b4 a5 7. b5 Na7 8. a4 c6 9.
Nc3 Bb4 10. Bd2 Ne4 11. Nxe4 dxe4 12. Bxb4 1-0

[Event "Challenge"]
[Site "http://www.queenalice.com/game.php?id=435440"]
[Date "2008.7.18"]
[Round "-"]
[White "GrazianiBR"]
[Black "victorbush1"]
[Result "1-0"]
[WhiteElo "2075"]
[BlackElo "1647"]

1. Nf3 Nc6 2. d4 d5 3. h3 Nf6 4. Nc3 e6 5. Bf4 a6 6. a3 Be7 7. e3 O-O 8. Bd3 Re8
9. O-O Bd6 10. Ne5 Qe7 11. Ne2 Nd7 12. Nxc6 bxc6 13. c3 c5 14. Qb1 h6 15. Qc1
1-0

[Event "Challenge"]
[Site "http://www.queenalice.com/game.php?id=435551"]
[Date "2008.7.19"]
[Round "-"]
[White "PhilBFrance"]
[Black "GrazianiBR"]
[Result "1-0"]
[WhiteElo "1911"]
[BlackElo "2077"]

1. e4 e5 2. Nf3 d6 3. Nc3 Nf6 4. d4 Nbd7 5. Be2 h6 6. Be3 Be7 7. Qd3 O-O 8.
O-O-O Nh7 9. dxe5 dxe5 10. Qc4 Bd6 11. Nb5 Nb6 12. Qd3 Be6 13. Nxd6 cxd6 14.
Qxd6 Qxd6 15. Rxd6 Nc4 16. Bxc4 Bxc4 17. Nxe5 Bxa2 18. b3 Rae8 19. Nd7 Rd8 20.
Rhd1 Rfe8 21. Nf6+ Nxf6 22. Rxd8 Bxb3 23. Rxe8+ Nxe8 24. cxb3 Nf6 25. Rd8+ Kh7
26. f3 g5 27. g4 Kg6 28. Rd6 b6 29. e5 1-0

[Event "Chall 01"]
[Site "http://www.queenalice.com/game.php?id=440447"]
[Date "2008.7.29"]
[Round "-"]
[White "tarfon"]
[Black "GrazianiBR"]
[Result "0-1"]
[WhiteElo "1661"]
[BlackElo "2108"]

1. d4 d5 2. Bf4 e6 3. Nf3 Bd6 4. Bxd6 Qxd6 5. Nc3 a6 6. e3 Bd7 7. Ne5 Nc6 8. Qf3
Nxe5 9. dxe5 Qxe5 10. Bd3 d4 11. Qxb7 Rd8 12. Nd1 dxe3 13. Nxe3 Ne7 14. O-O-O
O-O 15. Qxa6 Ra8 16. Qc4 c6 17. Qh4 g6 18. Qxe7 Rxa2 19. c3 Qc7 20. Ng4 Qf4+ 21.
Ne3 Qxf2 22. Nc4 Bc8 23. Bxg6 hxg6 24. Rd8 Ra1# 0-1

[Event "Chall 02"]
[Site "http://www.queenalice.com/game.php?id=440448"]
[Date "2008.7.29"]
[Round "-"]
[White "gilsoncb"]
[Black "GrazianiBR"]
[Result "1-0"]
[WhiteElo "1860"]
[BlackElo "2101"]

1. e4 e5 2. Nf3 Nc6 3. Bb5 Qf6 4. Nc3 Nge7 5. d3 a6 6. Bc4 b5 7. Bg5 Qd6 8. Bb3
f6 9. Be3 Na5 10. Nd2 g6 11. Qf3 Nxb3 12. Nxb3 Bb7 13. O-O f5 14. Rad1 Qf6 15.
Na5 Bc8 16. exf5 c6 17. Ne4 gxf5 18. Nxf6+ Kd8 19. Bb6# 1-0

[Event "Chall 05"]
[Site "http://www.queenalice.com/game.php?id=440452"]
[Date "2008.7.29"]
[Round "-"]
[White "GrazianiBR"]
[Black "tarfon"]
[Result "0-1"]
[WhiteElo "2109"]
[BlackElo "1661"]

1. Nf3 Nc6 2. d4 d5 3. e3 a6 4. c4 Nf6 5. Nc3 Bg4 6. c5 e6 7. h3 Bf5 8. Nh4 Be4
9. Nxe4 Nxe4 10. g3 Be7 11. Ng2 O-O 12. Bd3 h6 13. Bxe4 dxe4 14. Nf4 e5 15. Ne2
exd4 16. exd4 Bf6 17. Be3 Qd5 18. Qd2 Rad8 19. Rd1 Qxa2 20. Nc3 Qc4 21. Nxe4
Bxd4 22. Bxd4 Rxd4 23. Qc3 Rxe4+ 24. Kd2 Rd8+ 25. Kc2 Nb4+ 26. Kb1 Qa2+ 0-1

[Event "Chall 06"]
[Site "http://www.queenalice.com/game.php?id=440454"]
[Date "2008.7.29"]
[Round "-"]
[White "adsymil"]
[Black "GrazianiBR"]
[Result "0-1"]
[WhiteElo "1489"]
[BlackElo "2115"]

1. e4 e5 2. Nf3 d6 3. Bc4 h6 4. O-O Bg4 5. Nc3 c6 6. Re1 Qf6 7. Re3 Ne7 8. Qe1
b5 9. Bb3 Nd7 10. a3 g5 11. d3 Nb6 12. Nd2 Bg7 13. h3 Be6 14. Rf3 Qg6 15. Qe3
O-O 16. a4 a6 17. Qxb6 f5 18. exf5 Rxf5 19. Qb7 Re8 20. Bxe6+ Qxe6 21. Nce4 Ref8
22. Rxf5 Rxf5 23. axb5 axb5 24. Ng3 Rf7 25. Nh5 Bf8 26. Ne4 Bg7 27. b3 d5 28.
Nc5 Qg6 29. Nxg7 Kxg7 30. Bb2 d4 31. Re1 Qf6 32. Re2 Nd5 33. Qb8 Nc7 34. Ne4 Qe7
0-1

[Event "Chall 07"]
[Site "http://www.queenalice.com/game.php?id=440461"]
[Date "2008.7.29"]
[Round "-"]
[White "GrazianiBR"]
[Black "adsymil"]
[Result "1-0"]
[WhiteElo "2116"]
[BlackElo "1489"]

1. Nf3 d5 2. d4 Nf6 3. e3 Nc6 4. a3 Bf5 5. Bd3 Ne4 6. Nh4 Bd7 7. g3 Ng5 8. c4
Be6 9. Nc3 dxc4 10. Bf1 Na5 11. Qa4+ Nc6 12. Bxc4 Bd7 13. Qb3 Na5 14. Qa2 Nxc4
15. Qxc4 Bc6 16. d5 Bd7 17. e4 e6 18. dxe6 Bxe6 19. Qb5+ c6 20. Qxb7 Nh3 21.
Qxc6+ Bd7 22. Qd5 Rc8 23. Be3 a6 24. Qe5+ Qe7 25. Qxe7+ Bxe7 26. Nf5 Bf8 27. e5
Bxf5 28. O-O-O Be7 29. Rd4 O-O 30. Rhd1 Bc5 31. Ra4 Bxe3+ 32. fxe3 1-0